[Event "COL-ch U20"]
[Site "Barranquilla"]
[Date "2022.07.09"]
[Round "7"]
[White "Diaz Avila, Jarett Alexander"]
[Black "Rico Duran, Juan Sebastian"]
[Result "0-1"]
[WhiteElo "1298"]
[BlackElo "1828"]
[PlyCount "86"]
[EventDate "2022.07.06"]
[EventType "swiss"]
[EventRounds "9"]
[EventCountry "COL"]
[SourceTitle "EXT 2023"]
[Source "ChessBase"]
[SourceDate "2022.10.05"]
[SourceVersion "1"]
[SourceVersionDate "2022.10.05"]
[SourceQuality "1"]

1. e4 c5 2. Nf3 Nc6 3. d4 cxd4 4. Nxd4 e5 5. Nb3 Nf6 6. Nc3 Bb4 7. Bd3 d5 8. exd5 Nxd5 9. Bd2 Nxc3 10. Bxc3 Bxc3+ 11. bxc3 Qg5 12. 0-0 Bg4 13. Qd2 Qxd2 14. Nxd2 0-0-0 15. f3 Bh5 16. Nc4 Bg6 17. Be4 Bxe4 18. fxe4 f6 19. Rfd1 Rxd1+ 20. Rxd1 Rd8 21. Rd3 Kc7 22. Rg3 Rd7 23. Ne3 Nd8 24. a4 Kb6 25. Nc4+ Ka6 26. Nb2 Ne6 27. c4 Nc5 28. Nd3 Nxd3 29. cxd3 Ka5 30. Kf2 Kxa4 31. Ke3 Kb3 32. Kd2 Kb2 33. Rf3 a5 34. Rf2 a4 35. Kd1+ Kb1 36. Kd2 Kb2 37. Kd1+ Kb3 38. Kc1 a3 39. Kb1 Rxd3 40. Rf1 f5 41. Ka1 a2 42. c5 fxe4 43. c6 bxc6 0-1

[Event "Pereira Gildardo Garcia Memorial-B"]
[Site "Pereira"]
[Date "2022.05.21"]
[Round "6"]
[White "Perez Lujan, Mateo"]
[Black "Rico Duran, Juan Sebastian"]
[Result "0-1"]
[WhiteElo "1920"]
[BlackElo "1730"]
[PlyCount "136"]
[EventDate "2022.05.18"]
[EventType "swiss"]
[EventRounds "9"]
[EventCountry "COL"]
[SourceTitle "CBM 208 Extra"]
[Source "ChessBase"]
[SourceDate "2022.07.31"]
[SourceVersion "1"]
[SourceVersionDate "2022.07.31"]
[SourceQuality "1"]

1. e4 e5 2. Nf3 Nc6 3. Bb5 Nf6 4. d3 Bc5 5. 0-0 Nd4 6. Nxd4 Bxd4 7. c3 Bb6 8. Bg5 h6 9. Bh4 c6 10. Ba4 Qe7 11. d4 d6 12. dxe5 dxe5 13. Nd2 g5 14. Bg3 Bg4 15. Qc2 Nh5 16. Nc4 Nf4 17. Nxb6 axb6 18. f3 Bd7 19. Bf2 0-0-0 20. Bxb6 Rdg8 21. Qf2 g4 22. Qc5 gxf3 23. g3 f2+ 24. Rxf2 Qxc5 25. Bxc5 Nh3+ 26. Kg2 Nxf2 27. Kxf2 Bg4 28. Bb3 Rg6 29. Kg2 Rd8 30. Be3 Be6 31. Rf1 Bxb3 32. axb3 Rd3 33. Rf3 f6 34. h4 h5 35. Kf2 Rd8 36. Ke2 Kd7 37. Bb6 Rdg8 38. Rd3+ Ke6 39. Bf2 R6g7 40. c4 Rd7 41. Rc3 Rg4 42. Ke3 Rd4 43. Kf3 Rdxe4 44. Rd3 Rxc4 45. bxc4 e4+ 46. Ke3 exd3 47. Kxd3 b5 48. b3 Ke5 49. cxb5 cxb5 50. Be1 Rd4+ 51. Ke3 Re4+ 52. Kf2 b4 53. Bd2 Rd4 54. Ke3 Rxd2 55. Kxd2 Kf5 56. Ke3 Kg4 57. Kf2 f5 58. Kg2 f4 59. gxf4 Kxf4 60. Kf2 Kg4 61. Ke3 Kxh4 62. Kf4 Kh3 63. Kf3 h4 64. Kf2 Kg4 65. Kg2 Kf4 66. Kh3 Ke3 67. Kxh4 Kd3 68. Kg3 Kc2 0-1

[Event "COL-ch U1700"]
[Site "Pereira"]
[Date "2022.02.19"]
[Round "7"]
[White "Zambrano Vargas, Jesus Andres"]
[Black "Rico Duran, Juan Sebastian"]
[Result "0-1"]
[WhiteElo "1643"]
[BlackElo "1672"]
[PlyCount "82"]
[EventDate "2022.02.16"]
[EventType "swiss"]
[EventRounds "9"]
[EventCountry "COL"]
[SourceTitle "CBM 207 Extra"]
[Source "ChessBase"]
[SourceDate "2022.05.31"]
[SourceVersion "1"]
[SourceVersionDate "2022.05.31"]
[SourceQuality "1"]

1. e4 c5 2. Nf3 d6 3. d4 cxd4 4. Nxd4 Nf6 5. Nc3 e6 6. Be2 Be7 7. Be3 a6 8. 0-0 b5 9. a3 Bb7 10. Bf3 Qc7 11. Qd2 Nbd7 12. Bg5 Ne5 13. Bxf6 Bxf6 14. Be2 0-0 15. Rad1 Rfd8 16. Kh1 d5 17. exd5 Bxd5 18. Nxd5 Rxd5 19. Qf4 Rad8 20. c3 Qd7 21. Qc1 Qc7 22. Qf4 Qb6 23. Qc1 Qc7 24. Qf4 Qb6 25. Qc1 h6 26. h3 Qc7 27. Qf4 Qb6 28. Qc1 Nc4 29. Bxc4 bxc4 30. f4 Bxd4 31. cxd4 Rxd4 32. Rxd4 Qxd4 33. Kh2 Rb8 34. Rd1 Qxb2 35. Qxc4 Qxa3 36. Qc7 Qb4 37. Rd7 Rf8 38. Qe5 a5 39. f5 exf5 40. Qxf5 a4 41. Ra7 Qb8+ 0-1

[Event "Tunja Boyaca op-B"]
[Site "Tunja"]
[Date "2019.08.03"]
[Round "6"]
[White "Rico Duran, Juan Sebastian"]
[Black "Castillo Barajas, Jonhatan"]
[Result "1-0"]
[WhiteElo "1618"]
[BlackElo "1809"]
[PlyCount "81"]
[EventDate "2019.07.31"]
[EventType "swiss"]
[EventRounds "9"]
[EventCountry "COL"]
[SourceTitle "EXT 2020"]
[Source "ChessBase"]
[SourceDate "2019.10.17"]
[SourceVersion "1"]
[SourceVersionDate "2019.10.17"]
[SourceQuality "1"]

1. e4 c5 2. Nf3 e6 3. d3 d5 4. Nbd2 dxe4 5. dxe4 Nc6 6. Bb5 Bd7 7. 0-0 Qc7 8. c3 Nf6 9. Re1 Rd8 10. Qc2 a6 11. Bf1 Bd6 12. Nc4 Bf4 13. Bxf4 Qxf4 14. e5 Nd5 15. Re4 Qh6 16. Nd6+ Ke7 17. Nxb7 Rb8 18. Nxc5 Rhd8 19. Rh4 Qg6 20. Bd3 f5 21. exf6+ Qxf6 22. Ne4 Qf8 23. Rxh7 Nf4 24. Neg5 Qf6 25. Re1 Be8 26. Be4 Rd6 27. Rh4 Ne5 28. Nxe5 Qxg5 29. Rxf4 Qxf4 30. Nc4 Rdd8 31. g3 Qc7 32. b3 a5 33. Bf5 Bf7 34. Qe4 Kf8 35. Bxe6 Re8 36. Qf5 Re7 37. Re3 Rd8 38. Bxf7 Rxf7 39. Qxa5 Qd7 40. Qh5 Rf6 41. Qh8+ 1-0